000 00956cam a22003017a 4500
003 CHAP
005 20220817041653.0
008 971013s1975 r 00010 d
010 _a21156
011 _a22128
035 _a26221
040 _cCHAP
082 _a080
_bS4 v.221
100 0 0 _aBorah, Woodrow.
_913818
245 1 3 _aEl siglo de la depresión en Nueva España
260 _aMéxico, D. F. :
_bSecretaría de Educación Pública,
_c1975
300 _a157 p.
_b: ilus. ; mapas ; gráfs.
490 0 _aSEP/Setentas
_v; 221
590 _aBATCH-UPD
_b10
_c20130110
_lUCH01
_h1823
590 _aBATCH-UPD
_b10
_c20130410
_lUCH01
_h1156
590 _aBATCH-UPD
_b10
_c20130914
_lUCH01
_h1827
590 _aCONVERSION
_b10
_c20130109
_lUCH01
_h1313
650 1 4 _aMéxico
_xHistoria
_xColonia.
_976754
830 0 _aSEP. Setentas
_v; 221
901 _aBK
942 _cLIBRO
949 _a080 S4 v.221
_bBC
_cLIBRO
_d33724000307112
_eLIBRO
_h44537
_i26221
_mD
_si
999 _c21156
_d21156